000
00321nam a2200145Ia 4500
100
_a
Geller/ yu. A.
942
_c
BK
654
_a
Science of materials
245
_a
Science of materials
260
_b
Mir Publishers
_a
Moscow
_c
1977
082
_a
620.112
_b
Gel/Rak
300
_a
519
546
_a
ENGLISH
999
_c
23098
_d
23098